| 000 | 00324cam a2200121ua 4500 | ||
|---|---|---|---|
| 082 |
_a428.3 _bCRO/GL |
||
| 100 |
_aCrowell, Thomas Lee . _91488 |
||
| 245 | _aGlossary of Phrases with Preposotions / | ||
| 250 | _a3 / | ||
| 260 |
_aNew Delhi : _bPrentice Hall of India Pvt Ltd. , _c1965. |
||
| 300 | _a216 ; . | ||
| 942 | _cREF | ||
| 999 |
_c10165 _d10165 |
||